[Event "Rheinland Pfalz op 4th"]
[Site "Altenkirchen"]
[Date "2012.06.07"]
[Round "2"]
[White "Jenisch, Achim"]
[Black "Behr, Cedric"]
[Result "1-0"]
[WhiteElo "1859"]
[BlackElo "1500"]
[PlyCount "65"]
[EventDate "2012.06.07"]
[EventType "swiss"]
[EventRounds "7"]
[EventCountry "GER"]
[SourceTitle "CBM 148 Extra"]
[Source "ChessBase"]
[SourceDate "2012.06.22"]
[SourceVersion "1"]
[SourceVersionDate "2012.06.22"]
[SourceQuality "1"]

1. c4 Nf6 2. Nc3 d5 3. cxd5 Nxd5 4. g3 g6 5. Bg2 Nxc3 6. bxc3 Bg7 7. Rb1 c6 8. Nf3 0-0 9. 0-0 Qc7 10. Qb3 Nd7 11. d4 e5 12. Ba3 Rd8 13. Rfd1 exd4 14. cxd4 Nb6 15. e4 Be6 16. Qc2 Rd7 17. Bc1 Rad8 18. Bg5 f6 19. Bf4 Qc8 20. Rbc1 Bg4 21. Qb3+ Kh8 22. d5 f5 23. exf5 Bxf5 24. Ne5 Re7 25. Nxc6 bxc6 26. Bg5 Rdd7 27. Bxe7 Rxe7 28. dxc6 Be4 29. Bxe4 Rxe4 30. c7 Bd4 31. Qf3 Qe8 32. Rxd4 Rxd4 33. Qf6+ 1-0